№ 3 (73); Speak Out

書誌詳細
Parent link:Speak Out: журнал для изучающих английский язык. № 3 (73).— , 1996-
言語:英語
ロシア語
出版事項: 2009
フォーマット: 図書
KOHA link:https://koha.lib.tpu.ru/cgi-bin/koha/opac-detail.pl?biblionumber=414930

MARC

LEADER 00000nam2a2200000 4500
001 414930
005 20231101072257.0
035 |a (RuTPU)RU\TPU\prd\71285 
035 |a RU\TPU\prd\71284 
090 |a 414930 
100 |a 20091109a19969999k y0rusy50 ca 
101 0 |a eng  |a rus 
102 |a RU 
200 0 |a № 3 (73) 
210 |d 2009 
461 1 |0 (RuTPU)RU\TPU\prd\107  |t Speak Out  |o журнал для изучающих английский язык  |v № 3 (73)  |d 1996- 
801 0 |a RU  |b 63413507  |c 20010227  |g PSBO 
801 1 |a RU  |b 63413507  |c 20020401  |g PSBO 
801 2 |a RU  |b 63413507  |c 20091110  |g PSBO 
942 |c BK 
999 |a НТБ_ТПУ  |b ЧЗИЛ  |e -1/20020212  |p П-9198  |s 4/20080911  |u 0,00  |v 1  |y 13821000516279